| 000 | 00792nam a22002417a 4500 | ||
|---|---|---|---|
| 999 |
_c65518 _d65518 |
||
| 005 | 20240530110829.0 | ||
| 008 | 190825b2018 ua a f b 001 0 ara d | ||
| 017 |
_a2005/22663 _bمصر. دار الكتب |
||
| 020 | _a9773512738 | ||
| 040 |
_aEG-CaGPL _cEG-CaGPL |
||
| 082 | 0 | 4 |
_221 _a260 _bق / ش د |
| 100 | 0 | _aشحاتة صيام | |
| 245 | 1 | 2 |
_aالدين الشعبى فى مصر : _bنقد العقل المتحايل / _cشحاتة صيام |
| 250 | _aط. 1 | ||
| 260 |
_aالقاهرة : _bدار ميريت، _c2006 |
||
| 300 |
_a212 ص. : _bايض ؛ _c24 سم |
||
| 650 | 0 | 7 |
_2qrmak _aالتصوف |
| 650 | 0 | 7 |
_aالدين الشعبى _zمصر |
| 651 | 0 | 7 | _2qrmak |
| 653 | _aالدين الشعبى | ||
| 942 |
_2ddc _cBK |
||